|
|
|
|
| LEADER |
00000cam a22000004a54500 |
| 001 |
musev2_61343 |
| 003 |
MdBmJHUP |
| 005 |
20230905050326.0 |
| 006 |
m o d |
| 007 |
cr||||||||nn|n |
| 008 |
181102s2018 rh o 00 0 eng d |
| 020 |
|
|
|a 9780797496859
|
| 020 |
|
|
|z 9780797484924
|
| 035 |
|
|
|a (OCoLC)1056863292
|
| 040 |
|
|
|a MdBmJHUP
|c MdBmJHUP
|
| 050 |
|
4 |
|a PR9369.4.T758
|b A6 2018
|
| 100 |
1 |
|
|a Tshukudu, Thato,
|e author.
|
| 240 |
1 |
0 |
|a Poems.
|k Selections
|
| 245 |
1 |
0 |
|a fly in a beehive /
|c Thato Tshukudu.
|
| 264 |
|
1 |
|a Baltimore, Maryland :
|b Project Muse,
|c 2018
|
| 264 |
|
3 |
|a Baltimore, Md. :
|b Project MUSE,
|c 2018
|
| 264 |
|
4 |
|c ©2018
|
| 300 |
|
|
|a 1 online resource (74 pages).
|
| 336 |
|
|
|a text
|b txt
|2 rdacontent
|
| 337 |
|
|
|a computer
|b c
|2 rdamedia
|
| 338 |
|
|
|a online resource
|b cr
|2 rdacarrier
|
| 500 |
|
|
|a Issued as part of book collections on Project MUSE.
|
| 506 |
|
|
|a Access restricted to authorized users and institutions.
|
| 520 |
|
|
|a Fly in a beehive is a cascade of truths dissecting an array of societal and personal subjects. The collection takes the reader through themes of gender, race, relationships, mental health and infidelity.
|
| 588 |
|
|
|a Description based on print version record.
|
| 655 |
|
7 |
|a Poetry.
|2 lcgft
|
| 655 |
|
7 |
|a Electronic books.
|2 local
|
| 710 |
2 |
|
|a Project Muse,
|e distributor.
|
| 776 |
1 |
8 |
|i Print version:
|z 9780797484924
|
| 710 |
2 |
|
|a Project Muse.
|e distributor
|
| 830 |
|
0 |
|a Book collections on Project MUSE.
|
| 856 |
4 |
0 |
|z Texto completo
|u https://projectmuse.uam.elogim.com/book/61343/
|
| 945 |
|
|
|a Project MUSE - Custom Collection
|
| 945 |
|
|
|a Project MUSE - 2018 Complete
|
| 945 |
|
|
|a Project MUSE - 2018 Poetry, Fiction and Creative Non-Fiction
|